UBT Library

A new humanism : (Record no. 43837)

000 -LEADER
fixed length control field 00689pam a2200229 a 4500
001 - CONTROL NUMBER
control field 2085558
005 - DATE AND TIME OF LATEST TRANSACTION
control field 20180301073101.0
008 - FIXED-LENGTH DATA ELEMENTS--GENERAL INFORMATION
fixed length control field 950523s1996 nyu 000 0 eng
010 ## - LIBRARY OF CONGRESS CONTROL NUMBER
LC control number 95000449
020 ## - INTERNATIONAL STANDARD BOOK NUMBER
International Standard Book Number 0834803348 (hard)
040 ## - CATALOGING SOURCE
Original cataloging agency DLC
Transcribing agency DLC
Modifying agency DLC
041 1# - LANGUAGE CODE
Language code of text/sound track or separate title eng
080 ## - UNIVERSAL DECIMAL CLASSIFICATION NUMBER
Universal Decimal Classification number 294.3928 IKE
082 00 - DEWEY DECIMAL CLASSIFICATION NUMBER
Classification number 294.3928 IKE
Edition number 20
100 1# - Rafti
Rafti 23
101 ## - Shkurtesa
Shkurtesa FIL
240 10 - UNIFORM TITLE
Uniform title <a href="Speeches.">Speeches.</a>
Form subheading Selections.
Language of a work English
245 12 - TITLE STATEMENT
Title A new humanism :
906 ## - LOCAL DATA ELEMENT F, LDF (RLIN)
a 7
b cbc
c orignew
d 1
e ocip
f 19
g y-gencatlg
942 ## - ADDED ENTRY ELEMENTS (KOHA)
Source of classification or shelving scheme
Item type Books
Holdings
Withdrawn status Lost status Source of classification or shelving scheme Damaged status Not for loan Collection code Permanent location Current location Shelving location Date acquired Total Checkouts Full call number Barcode Date last seen Price effective from Koha item type
          Koleksioni i përgjithshem UBT - Lipjan UBT - Lipjan Koleksioni i përgjithshem 03/01/2018   294.3928 IKE 002-3000524 03/01/2018 03/01/2018 Books
UBT Library © 2015-2024. All rights reserved University Education for Business and Technology